000 nam a22 7a 4500
999 _c30482
_d30482
008 190715b xxu||||| |||| 00| 0 eng d
050 _aTA 151 .L66 1952
100 _aLongland, F.
245 _aField engineering:
_bA handbook on simple construction/
250 _a6th ed.
260 _aDar Es Salaam:
_bGovernment printer,
_c1952.
300 _a190 [45]p.:
_bill.;
_c17 cm.
504 _aIncludes index.
650 _aEngineering.
942 _2lcc
_cBOOKS
_hTA 151 .L66 1952